Statystyki dla Flagi państw "Pod Lupą" #3

Kliknij tutaj aby rozwiązać quiz!

Ogólne statystyki

  • Ten quiz został rozwiązany 171 razy
  • Średni wynik to 13 z 16

Statystyki odpowiedzi

Odpowiedź% Poprawnych
Francja
97%
Japonia
97%
Rosja
97%
Dania
96%
Algieria
95%
Katar
94%
Stany Zjednoczone
94%
Malezja
84%
Ghana
83%
Dominika
79%
Niger
78%
Uganda
73%
Turkmenistan
64%
Haiti
45%
Oman
41%
Zambia
36%

Rozkład punktacji

Percentyl według liczby udzielonych odpowiedzi

Procent ludzi z każdym wynikiem

Twoja historia wyników

Nie rozwiązałeś tego quizu